书目信息 |
| 题名: |
图说瓜菜果树节水灌溉技术
|
|
| 作者: | 张保东 主编 | |
| 分册: | ||
| 出版信息: | 北京 金盾出版社 2012 |
|
| 页数: | 105页 | |
| 开本: | 21cm | |
| 丛书名: | ||
| 单 册: | ||
| 中图分类: | S6 , S66 | |
| 科图分类: | ||
| 主题词: | 蔬菜园艺--节水栽培 , 果树园艺--节水栽培 , 蔬菜园艺 , 节水栽培 , 果树园艺 | |
| 电子资源: | ||
| ISBN: | 978-7-5082-6919-1 | |
| 000 | 00983nam0 2200313 450 | |
| 001 | 2334319151 | |
| 005 | 20231223093223.82 | |
| 010 | @a978-7-5082-6919-1@dCNY 15.00 | |
| 090 | @aS6@bzbd | |
| 096 | @aS275@bzbd | |
| 100 | @a20120329d2012 em y0chiy0120 ea | |
| 101 | 0 | @achi |
| 102 | @aCN@b110000 | |
| 105 | @aa z 000yy | |
| 200 | 1 | @a图说瓜菜果树节水灌溉技术@b专著@f张保东主编@Atu shuo gua cai guo shu jie shui guan gai ji shu |
| 210 | @a北京@c金盾出版社@d2012 | |
| 215 | @a105页@c彩照@d21cm | |
| 300 | @a北京市新世纪百千万人才工程培养经费资助 | |
| 330 | @a本书介绍了我国节水农业概况、农艺节水技术、滴灌设备、滴灌施肥技术、瓜菜节水灌溉施肥技术和果树节水灌溉技术等8个部分。 | |
| 606 | 0 | @a蔬菜园艺@x节水栽培 |
| 606 | 0 | @a果树园艺@x节水栽培 |
| 606 | 0 | @a蔬菜园艺 |
| 606 | 0 | @a节水栽培 |
| 606 | 0 | @a果树园艺 |
| 690 | @aS6@v5 | |
| 690 | @aS66@v5 | |
| 701 | 0 | @a张保东@c(园艺)@4主编@Azhang bao dong |
| 801 | 2 | @aCN@b辽宁北配@c20231205 |
| 905 | @aBZT@dS6@e27 | |
| 图说瓜菜果树节水灌溉技术/张保东主编.-北京:金盾出版社,2012 |
| 105页:彩照;21cm |
| 北京市新世纪百千万人才工程培养经费资助 |
| ISBN 978-7-5082-6919-1:CNY 15.00 |
| 本书介绍了我国节水农业概况、农艺节水技术、滴灌设备、滴灌施肥技术、瓜菜节水灌溉施肥技术和果树节水灌溉技术等8个部分。 |
| ● |
| 相关链接 |
|
|
|
正题名:图说瓜菜果树节水灌溉技术
索取号:S6/27
 
预约/预借
| 序号 | 登录号 | 条形码 | 馆藏地/架位号 | 状态 | 备注 |
| 1 | 2001682009 | 2001682009 | 516书库/ [索取号:S6/27] | 在馆 | |
| 2 | 2001682010 | 2001682010 | 516书库/ [索取号:S6/27] | 在馆 | |
| 3 | 2001682011 | 2001682011 | 516书库/ [索取号:S6/27] | 在馆 | |
| 4 | 2001682012 | 2001682012 | 516书库/ [索取号:S6/27] | 在馆 | |
| 5 | 2001682013 | 2001682013 | 516书库/ [索取号:S6/27] | 在馆 | |
| 6 | 2001682014 | 2001682014 | 516书库/ [索取号:S6/27] | 在馆 | |
| 7 | 2001682015 | 2001682015 | 516书库/ [索取号:S6/27] | 在馆 | |
| 8 | 2001682016 | 2001682016 | 516书库/ [索取号:S6/27] | 在馆 | |
| 9 | 2001682017 | 2001682017 | 516书库/ [索取号:S6/27] | 在馆 | |
| 10 | 2001682018 | 2001682018 | 516书库/ [索取号:S6/27] | 在馆 | |
| 11 | 2001682019 | 2001682019 | 516书库/ [索取号:S6/27] | 在馆 | |
| 12 | 2001682020 | 2001682020 | 516书库/ [索取号:S6/27] | 在馆 | |
| 13 | 2001682021 | 2001682021 | 516书库/ [索取号:S6/27] | 在馆 | |
| 14 | 2001682022 | 2001682022 | 516书库/ [索取号:S6/27] | 在馆 | |
| 15 | 2001682023 | 2001682023 | 516书库/ [索取号:S6/27] | 在馆 | |
| 16 | 2001682024 | 2001682024 | 516书库/ [索取号:S6/27] | 在馆 | |
| 17 | 2001682025 | 2001682025 | 516书库/ [索取号:S6/27] | 在馆 | |
| 18 | 2001682026 | 2001682026 | 516书库/ [索取号:S6/27] | 在馆 | |
| 19 | 2001682027 | 2001682027 | 516书库/ [索取号:S6/27] | 在馆 | |
| 20 | 2001682028 | 2001682028 | 516书库/ [索取号:S6/27] | 在馆 | |
| 21 | 2001682029 | 2001682029 | 516书库/ [索取号:S6/27] | 在馆 | |
| 22 | 2001682030 | 2001682030 | 516书库/ [索取号:S6/27] | 在馆 | |
| 23 | 2001682031 | 2001682031 | 516书库/ [索取号:S6/27] | 在馆 | |
| 24 | 2001682032 | 2001682032 | 516书库/ [索取号:S6/27] | 在馆 | |
| 25 | 2001682033 | 2001682033 | 516书库/ [索取号:S6/27] | 在馆 | |
| 26 | 2001682034 | 2001682034 | 516书库/ [索取号:S6/27] | 在馆 | |
| 27 | 2001682035 | 2001682035 | 516书库/ [索取号:S6/27] | 在馆 | |
| 28 | 2001682036 | 2001682036 | 516书库/ [索取号:S6/27] | 在馆 | |
| 29 | 2001682037 | 2001682037 | 516书库/ [索取号:S6/27] | 在馆 | |
| 30 | 2001682038 | 2001682038 | 516书库/ [索取号:S6/27] | 在馆 |